| 000 | 00594nam a2200229Ia 4500 | ||
|---|---|---|---|
| 003 | OSt | ||
| 005 | 20250423144606.0 | ||
| 008 | 210423s2011 xx 000 0 und d | ||
| 020 | _a9780074603154 | ||
| 040 | _cAL | ||
| 041 | _aeng | ||
| 082 |
_a531 _223 _bRANC |
||
| 100 |
_aNarayan Chandra Rana _994512 |
||
| 245 | _aClassical mechanics. | ||
| 260 |
_aNew Delhi _bTata McGraw-hill _c2011 |
||
| 300 |
_axx,607 _bPB |
||
| 365 |
_b425 _cINR |
||
| 650 |
_aClassical Mechanics _994513 |
||
| 700 |
_aJoag, Pramod Sharadchandra _9208703 |
||
| 906 | _aClassical ; mechanics. | ||
| 942 |
_2ddc _cBK |
||
| 999 |
_c161877 _d161877 |
||